000
00298nam a22001337a 4500
008
170224b xxu||||| |||| 00| 0 eng d
020
_a
9780323025195
041
_a
eng
080
_2
8 ED
_a
617
100
_a
5
101
_a
SHS
245
_a
CURRENT SURGICAL THERAPY
_c
CAMERON J.L
942
_2
udc
_c
BK
999
_c
6194
_d
6194